Statistics for Capitals Closest to Boston

Click here to take the quiz!

General Stats

  • This quiz has been taken 112 times
    (107 since last reset)
  • The average score is 11 of 20

Answer Stats

milescapitalkm% Correct
41Providence66
83%
139Albany223
82%
92Hartford148
76%
64Concord102
72%
150Augusta241
71%
152Montpelier245
70%
313Ottawa504
67%
394Washington634
66%
243Trenton391
65%
323Dover519
61%
335Harrisburg539
61%
369Annapolis593
55%
474Richmond763
55%
430Toronto692
46%
609Raleigh981
45%
622Charleston1001
44%
308Quebec City495
39%
407Halifax655
38%
475Charlottetown765
23%
332Fredericton535
21%

Score Distribution

Percentile by Number Answered

Percent of People with Each Score

Your Score History

You have not taken this quiz since the last reset